Alexander v Royal Hotel (Caithness) Ltd (Record no. 67162)
[ view plain ]
| 000 -LEADER | |
|---|---|
| fixed length control field | 02045cam a2200253 4500 |
| 001 - CONTROL NUMBER | |
| control field | ABS64008 |
| 008 - FIXED-LENGTH DATA ELEMENTS--GENERAL INFORMATION | |
| fixed length control field | 000000n2001 000 0 eng u |
| 035 ## - SYSTEM CONTROL NUMBER | |
| System control number | (Sirsi) u112817 |
| 245 ## - TITLE STATEMENT | |
| Title | Alexander v Royal Hotel (Caithness) Ltd |
| 260 ## - PUBLICATION, DISTRIBUTION, ETC. | |
| Date of publication, distribution, etc. | 2001 |
| 490 ## - SERIES STATEMENT | |
| Series statement | Estates Gazette |
| Volume/sequential designation | [2001] 16 EG 148-158(11) |
| 520 ## - SUMMARY, ETC. | |
| Summary, etc. | CS: IH 6 October 2000. Appellant (A) held a lease on an agricultural holding acquired by the respondent (R). A withheld rent because R had failed in their obligation to repair the farm buildings. A refused to meet R's demand to pay rent arrears, so R served a notice to quit under the Agricultural Holdings (Scotland) Act 1991 s22(2)(d). An arbiter was appointed by the parties, who made an interim award stating that A was entitled to withhold rent if R was in breach of their obligations, and allowed proof to confirm this. R instigated a case, whereby the sheriff decided that under the 1991 Act, the arbiter was not entitled to consider A's liability for rent and A's common law right to keep back rent where R was in breach was no defence. A appealed, which was allowed: the issues raised by A as to his liability to pay rent had to be resolved by arbitration as outlined in the Agricultural Holdings (Scotland) Act 1991 s60(1); there is nothing in s22(2)(d) incompatible with the common law principle regarding the question of whether rent is due and a notice to quit would therefore be invalid. Copy of judgement available on http://www.scotcourts.gov.uk/opinions/0_66_17(4)_98.html |
| 590 ## - LOCAL NOTE (RLIN) | |
| Local note | ABS |
| 650 ## - SUBJECT ADDED ENTRY--TOPICAL TERM | |
| Topical term or geographic name entry element | ALEXANDER V ROYAL HOTEL (CAITHNESS) LTD |
| 650 ## - SUBJECT ADDED ENTRY--TOPICAL TERM | |
| Topical term or geographic name entry element | AGRICULTURAL HOLDINGS (SCOTLAND) ACT 1991 |
| 650 ## - SUBJECT ADDED ENTRY--TOPICAL TERM | |
| Topical term or geographic name entry element | WITHHOLDING |
| 650 ## - SUBJECT ADDED ENTRY--TOPICAL TERM | |
| Topical term or geographic name entry element | REPAIRING OBLIGATIONS |
| 650 ## - SUBJECT ADDED ENTRY--TOPICAL TERM | |
| Topical term or geographic name entry element | NOTICE TO QUIT |
| 650 ## - SUBJECT ADDED ENTRY--TOPICAL TERM | |
| Topical term or geographic name entry element | SCOTTISH LAW |
| 650 ## - SUBJECT ADDED ENTRY--TOPICAL TERM | |
| Topical term or geographic name entry element | MANAGEMENT-DISPUTE AVOIDANCE, MANAGEMENT AND RESOLUTION-DISPUTE MANAGEMENT AND RESOLUTION-ARBITRATION |
| 690 ## - LOCAL SUBJECT ADDED ENTRY--TOPICAL TERM (OCLC, RLIN) | |
| Topical term or geographic name as entry element | LANDLORD AND TENANT-AGRICULTURAL TENANCIES-CASE LAW |
| 856 ## - ELECTRONIC LOCATION AND ACCESS | |
| Uniform Resource Identifier | <a href="https://www.scotcourts.gov.uk/opinions/0_66_17(4)_98.html">https://www.scotcourts.gov.uk/opinions/0_66_17(4)_98.html</a> |
| 942 ## - ADDED ENTRY ELEMENTS (KOHA) | |
| Suppress in OPAC | 0 |
| Withdrawn status | Lost status | Source of classification or shelving scheme | Damaged status | Not for loan | Home library | Current library | Shelving location | Date acquired | Total Checkouts | Full call number | Barcode | Date last seen | Copy number | Price effective from | Koha item type |
|---|---|---|---|---|---|---|---|---|---|---|---|---|---|---|---|
| Dewey Decimal Classification | London | London | Journal article | 29/05/2001 | ABS64008 | 112817-1001 | 06/08/2019 | 1 | 06/08/2019 | Law report |